01510nam a2200361 i 4500001001000000003000900010005001700019007000300036008004100039020001500080040003000095041000700125082002000132100003200152245008900184260001200273264005100285300004500336336002700381337003300408338002800441490002500469500004700494590002700541830003000568910000700598942001400605952012400619952011200743952011800855952016000973999001501133000004076DO-SdBNP20250904085539.0ta111129s19uu sp a 000 0 spa d a8439978790 aDO-SdBNPbspacBNPHUerda asp axxxxbM314m2221 aMarcelo, Nidiaeautor9125610aMatemática actualizada 5 :bquinto curso de enseñanza primaria /cNidia Marcelo. c[19--]. aSanto Domingo :bSusaeta,c[fecha desconocida] a207 páginas :bilustraciones ;c25 cm. ardacontentbtexto2txt ardamediabsin mediación2n ardacarrierbvolumen2nc1 aEscuela dominicana ; aIncluye guía de ltexto para el profesor. aInventariado, 2018/ YL 0aEscuela dominicana912154 aYL 2ddccLBS1 001154708MOaGRbGRcMId2009-07-16iLF1l0oxxxx xxxxp4076-30r2020-06-25te. 3w2020-06-25y4ZPréstamo en sala 001050718MOaPDbPDcCTd2009-07-16iLF1l0oxxxx xxxxp4076-10r2020-06-25w2020-06-25y1ZNo se presta 001150718MOaPDbPDcMId2009-07-16iLF1l0oxxxx xxxxp4076-20r2020-06-25te. 2w2020-06-25y1ZNo se presta 00102ddc56708DSaBNPHUbBNPHUcCTd2025-09-04edonaciónl0oBNPHU DS M314mp2025-9519r2025-09-04te.4w2025-09-04yLBS1zNuestra Señora de Lourdes c3894d3894